[Event "London Classic Open 2019"]
[Site "London ENG"]
[Date "2019.12.03"]
[Round "6.18"]
[White "Bradbury, Neil H"]
[Black "Villiers, Thomas"]
[Result "0-1"]
[WhiteTitle "IM"]
[BlackTitle "CM"]
[WhiteElo "2326"]
[BlackElo "2145"]
[WhiteFideId "400513"]
[BlackFideId "427209"]
[EventDate "2019.11.29"]

1. d4 e6 2. c4 b6 3. Nf3 Nf6 4. a3 Bb7 5. Nc3 d5 6. cxd5 Nxd5 7. e3 Be7 8. Bb5+
c6 9. Bd3 O-O 10. O-O Nd7 11. Qe2 Qc7 12. Bd2 Rac8 13. Rac1 Qb8 14. Bb1 Rfd8 15.
e4 Nf4 16. Qe3 Ng6 17. h4 Nf6 18. e5 Ng4 19. Qe2 c5 20. h5 Nf8 21. dxc5 Rxc5 22.
Bf4 Bxf3 23. Qxf3 Nxe5 24. Qg3 Bd6 25. Rcd1 Nc4 26. h6 Ng6 27. Bxg6 hxg6 28.
Bxd6 Nxd6 29. hxg7 Kxg7 30. Qh4 Rh5 31. Qd4+ e5 32. Qd5 Rdh8 33. f3 Nf5 34. Kf2
Rh2 35. Ne4 Rxg2+ 0-1

[Event "London Classic Open 2019"]
[Site "London ENG"]
[Date "2019.12.03"]
[Round "6.19"]
[White "Paterek, Michal"]
[Black "Ethelontis, Alexandros N"]
[Result "1-0"]
[WhiteTitle "FM"]
[WhiteElo "2317"]
[BlackElo "2139"]
[WhiteFideId "1116142"]
[BlackFideId "405469"]
[EventDate "2019.11.29"]

1. d4 e6 2. c4 Nf6 3. Nc3 Bb4 4. e3 O-O 5. Ne2 Re8 6. a3 Bf8 7. b3 d5 8. Bb2
Nbd7 9. Ng3 b6 10. Bd3 Bb7 11. O-O c5 12. Rc1 Rc8 13. Re1 g6 14. Rc2 h5 15. cxd5
exd5 16. dxc5 bxc5 17. h3 h4 18. Nf1 Qb6 19. Rd2 Bh6 20. Na4 Qc6 21. Be2 Ne5 22.
Rc2 d4 23. f3 Qd5 24. exd4 cxd4 25. Rxc8 Bxc8 26. Qxd4 Qxd4+ 27. Bxd4 Nd3 28.
Rd1 Rxe2 29. Bxf6 Bf5 30. Nc3 Rc2 31. Ne4 Bxe4 32. fxe4 Nf4 33. Rd8+ Bf8 34. Ne3
Re2 35. Nd5 Ne6 36. Nc3 Rc2 37. Rc8 Kh7 38. Kf1 g5 39. b4 Kg6 40. Be5 f6 41.
Bxf6 a5 42. bxa5 Bc5 43. Be5 Rf2+ 44. Ke1 Rxg2 45. Ne2 g4 46. Rxc5 Rxe2+ 47.
Kxe2 Nxc5 48. Ke3 gxh3 49. Kf3 Kg5 50. Bd6 Na6 51. Be7+ Kh5 52. e5 Nb8 53. Bd6
Na6 54. e6 Kg6 55. Kf2 Kf6 56. e7 Kf7 57. Kg1 Ke8 58. Kh2 1-0

[Event "London Classic Open 2019"]
[Site "London ENG"]
[Date "2019.12.03"]
[Round "6.20"]
[White "Goh, Zi Han"]
[Black "Sowray, Peter J"]
[Result "0-1"]
[WhiteTitle "CM"]
[BlackTitle "FM"]
[WhiteElo "2134"]
[BlackElo "2316"]
[WhiteFideId "5819156"]
[BlackFideId "400971"]
[EventDate "2019.11.29"]

1. d4 d5 2. c4 dxc4 3. e3 e5 4. Bxc4 exd4 5. exd4 Bd6 6. Nf3 Nf6 7. O-O O-O 8.
Nc3 Nc6 9. h3 h6 10. Qc2 Nb4 11. Qb1 Be6 12. Bxe6 fxe6 13. Re1 Qe7 14. Bd2 c6
15. Ne5 Bxe5 16. dxe5 Nd7 17. a3 Nd5 18. Qe4 Rf5 19. Qd4 Qc5 20. Qxc5 Nxc5 21.
g4 Rf3 22. Kg2 Raf8 23. Re2 Nb3 24. Rae1 Nd4 25. Nxd5 cxd5 26. Bb4 R8f7 27. Rd2
Nb3 28. Rc2 a5 29. Bd6 d4 30. Rf1 d3 31. Rc8+ Kh7 32. Rc7 R7f4 33. Rc3 a4 34.
Bc7 Nd2 35. Rd1 Rxf2+ 36. Kg1 Re2 37. Rxd3 Rff2 38. Rg3 Ne4 39. Bb6 Rh2 40. Rg2
Rexg2+ 41. Kf1 Nd2+ 0-1

[Event "London Classic Open 2019"]
[Site "London ENG"]
[Date "2019.12.03"]
[Round "6.30"]
[White "Davis, Holden"]
[Black "Bukojemski, Adam"]
[Result "0-1"]
[WhiteElo "1840"]
[BlackElo "2211"]
[WhiteFideId "440019"]
[BlackFideId "1114620"]
[EventDate "2019.11.29"]

1. e4 c5 2. d4 cxd4 3. c3 dxc3 4. Nxc3 Nc6 5. Nf3 e6 6. Bc4 Nge7 7. Bg5 f6 8.
Be3 Ng6 9. O-O a6 10. Nd4 b5 11. Bb3 Nxd4 12. Bxd4 Bd6 13. g3 Qe7 14. Rc1 Bb7
15. f4 O-O 16. Re1 Rac8 17. Qe2 Rc7 18. Rcd1 Bc5 19. Qf2 Rfc8 20. Bxc5 Rxc5 21.
Qd4 Nf8 22. a3 Qf7 23. Qd6 Qh5 24. Qb6 R8c7 25. f5 R5c6 26. fxe6 dxe6 27. Qd4
Qc5 28. Qxc5 Rxc5 29. Rd6 Kf7 30. Red1 Ke7 31. Kf2 Rd7 32. Rb6 Rxd1 33. Nxd1 Bc8
34. Nc3 Kd7 35. a4 Kc7 36. a5 Rc6 37. Rxc6+ Kxc6 38. Ke3 Kc5 39. Bc2 Nd7 40. e5
Nxe5 41. Ne4+ Kc6 42. b4 Ng4+ 43. Ke2 Nxh2 44. Nc5 f5 45. Ke3 g5 46. Bd1 Kd6 47.
Be2 Kd5 48. Kd3 e5 49. Bd1 e4+ 50. Kc3 g4 51. Bb3+ Ke5 52. Bg8 Nf1 0-1

[Event "London Classic Open 2019"]
[Site "London ENG"]
[Date "2019.12.03"]
[Round "6.35"]
[White "Flear, Christine"]
[Black "Zujev, Oleg"]
[Result "0-1"]
[WhiteTitle "WIM"]
[BlackTitle "FM"]
[WhiteElo "2035"]
[BlackElo "2316"]
[WhiteFideId "602604"]
[BlackFideId "12801585"]
[EventDate "2019.11.29"]

1. d4 d6 2. c4 e5 3. Nc3 exd4 4. Qxd4 Nc6 5. Qd2 g6 6. b3 Bg7 7. Bb2 Nf6 8. e3
O-O 9. Nf3 Bf5 10. Be2 a5 11. O-O Re8 12. Rfd1 Ne4 13. Nxe4 Bxe4 14. Bxg7 Kxg7
15. a3 Qf6 16. Rac1 b6 17. Qc3 Ne5 18. Nxe5 Rxe5 19. f4 Re7 20. Qxf6+ Kxf6 21.
Kf2 Kg7 22. Bf3 f5 23. Bxe4 Rxe4 24. Rc3 Kf6 25. Rd2 h6 26. b4 axb4 27. axb4 Ke6
28. Rd4 Ra4 29. Rb3 Ra2+ 30. Kf3 Rxd4 31. exd4 Rc2 32. c5 Rc4 33. cxb6 cxb6 34.
Ke3 Kd5 35. g3 b5 36. h3 Rxd4 37. Rb1 Re4+ 38. Kd3 Rc4 39. Rb2 Rc1 40. Rg2 Rh1
41. h4 h5 42. Kc3 Rc1+ 43. Kb3 Rc4 44. Re2 Re4 45. Rg2 Re3+ 0-1

[Event "London Classic Open 2019"]
[Site "London ENG"]
[Date "2019.12.03"]
[Round "6.36"]
[White "Nilssen, Ellen Fredericia"]
[Black "Rocco, Federico"]
[Result "1/2-1/2"]
[WhiteTitle "WFM"]
[WhiteElo "2004"]
[BlackElo "2207"]
[WhiteFideId "1441230"]
[BlackFideId "431362"]
[EventDate "2019.11.29"]

1. d4 Nf6 2. c4 e6 3. Nf3 d5 4. Nc3 c6 5. cxd5 exd5 6. Bg5 Bd6 7. e3 Nbd7 8. Bd3
O-O 9. Qc2 h6 10. Bh4 Re8 11. O-O Nf8 12. Rab1 a5 13. a3 Bg4 14. Nd2 Bd7 15. Bg3
Bxg3 16. hxg3 Ne6 17. b4 axb4 18. axb4 b6 19. Nf3 c5 20. bxc5 bxc5 21. dxc5 Qc7
22. Rfc1 Qxc5 23. Ne2 Qa5 24. Qc3 Qd8 25. Ned4 Rc8 26. Qa3 Rxc1+ 27. Rxc1 Ng5
28. Nxg5 hxg5 29. Qa7 Ng4 30. Nf3 Be6 31. Qd4 Qe7 32. Ra1 Rc8 33. Qb2 g6 34. Rc1
Re8 35. Qc3 Ra8 36. Ra1 Rc8 37. Qb2 Nh6 38. Rc1 Re8 39. Rb1 Bc8 40. Qb4 Qd8 41.
Qb6 Qe7 42. Qb4 Qf6 43. Qd4 Qxd4 44. Nxd4 Kg7 45. Rb8 Rf8 46. Bb5 Ng4 47. Nf3 f6
48. Bc6 Be6 49. Rxf8 Kxf8 50. Nd4 Ke7 51. Kf1 Bf7 52. Ke2 Kd6 53. f4 gxf4 54.
gxf4 Be6 55. Bb5 Bc8 56. Bd3 f5 57. Bb5 Nf6 58. Nf3 Kc5 59. Bd3 Bd7 60. Ne5 Be8
61. Nf3 Kb4 62. Kd2 Kb3 63. Nh4 Kb4 64. Nf3 Nd7 65. Bc2 Nc5 66. Nh4 Kc4 67. Nf3
Nb7 68. Ne5+ Kb4 69. g4 Nd6 70. gxf5 gxf5 71. Nf3 Bg6 72. Nd4 Nc4+ 73. Ke2 Nd6
74. Kd2 Kc4 75. Bd3+ Kc5 76. Kc3 Bh7 77. Ne6+ Kc6 78. Nf8 Bg8 79. Kd4 Bf7 80.
Nh7 Be8 81. Nf6 Bf7 82. Nh7 Bh5 83. Nf6 Bf3 84. Bc2 Nb5+ 85. Ke5 Kc5 86. Bxf5 d4
87. exd4+ Nxd4 88. Nd7+ Kc4 89. Be4 Bg4 90. Bd5+ Kc3 91. Nf6 Bc8 92. Ne4+ Kd3
93. Nc5+ Ke3 94. Be4 Nf3+ 95. Bxf3 Kxf3 96. Nb3 Kg3 97. Nd4 Kg4 98. Nc6 Bd7 99.
Ne7 Kf3 100. Ng6 Bc8 101. Nf8 Ke3 102. Ne6 Bxe6 103. Kxe6 Kxf4 1/2-1/2

[Event "London Classic Open 2019"]
[Site "London ENG"]
[Date "2019.12.03"]
[Round "6.38"]
[White "Cordes, Hans-Joerg"]
[Black "Walker, Samuel A"]
[Result "1/2-1/2"]
[WhiteTitle "FM"]
[WhiteElo "2188"]
[BlackElo "2039"]
[WhiteFideId "4602234"]
[BlackFideId "412813"]
[EventDate "2019.11.29"]

1. d4 Nf6 2. c4 g6 3. Nc3 d5 4. cxd5 Nxd5 5. g3 Bg7 6. Bg2 Nb6 7. e3 O-O 8. Nge2
e5 9. O-O c6 10. b3 Bg4 11. Qc2 exd4 12. Nxd4 c5 13. Ndb5 Nc6 14. Bb2 Nb4 15.
Qe4 Bf5 16. Qf3 Nd3 17. Rad1 Qb8 18. Ba1 a6 19. Nd6 Qxd6 20. e4 Bd7 21. Rxd3 Qe7
22. Rfd1 Rad8 23. Qe3 Be6 24. e5 Rxd3 25. Rxd3 c4 26. Rd2 Nd7 27. Nd5 Bxd5 28.
Bxd5 Nc5 29. bxc4 b5 30. cxb5 axb5 31. f4 Ne6 32. Bc6 Rc8 33. Rd6 Bf8 34. Bxb5
Qb7 35. a4 Rc2 36. Be2 Qb1+ 37. Rd1 Qa2 38. Kf1 Qxa4 39. Bc3 Qc6 40. Bd2 Qh1+
41. Qg1 Qd5 42. Be3 Qe4 43. Qf2 Qh1+ 44. Qg1 Qe4 45. Qf2 Qh1+ 46. Qg1 Qc6 47.
Qf2 Qh1+ 1/2-1/2

[Event "London Classic Open 2019"]
[Site "London ENG"]
[Date "2019.12.03"]
[Round "6.40"]
[White "Korning, Peter"]
[Black "Osborne, Marcus E"]
[Result "1/2-1/2"]
[WhiteElo "1961"]
[BlackElo "2166"]
[WhiteFideId "1723332"]
[BlackFideId "404608"]
[EventDate "2019.11.29"]

1. e4 c5 2. d4 cxd4 3. c3 Nf6 4. e5 Nd5 5. Nf3 Nc6 6. cxd4 d6 7. exd6 Qxd6 8.
Na3 Bg4 9. Be2 e6 10. O-O Rd8 11. Nc4 Qb8 12. Nce5 Bxf3 13. Bxf3 Nxe5 14. dxe5
Be7 15. Qe2 O-O 16. Bd2 Rd7 17. Rad1 Rfd8 18. Be4 g6 19. Bb1 Qc7 20. g3 Nb4 21.
Bc3 Rxd1 22. Rxd1 Rxd1+ 23. Qxd1 Nd5 24. Qe1 Bc5 25. Be4 Nxc3 26. Qxc3 b5 27.
Kg2 b4 28. Qc4 Qxe5 29. Bf3 a5 30. h4 a4 31. h5 gxh5 32. Qh4 Bd4 33. b3 a3 34.
Bxh5 Qc5 35. Qg4+ Bg7 36. Qf3 Qa7 37. Qe4 Qd4 38. Qf3 Bf6 39. Qa8+ Kg7 40. Qb7
Qd5+ 41. Qxd5 exd5 42. Bf3 d4 43. Be4 Be7 44. Kf3 h6 45. Ke2 Kf6 46. Kd3 Kg5 47.
Kxd4 f5 48. Bf3 Bf6+ 49. Ke3 Be5 50. Be2 Bc3 51. f4+ Kf6 52. g4 Bb2 53. gxf5
Kxf5 54. Kf3 Bc1 55. Bd3+ Ke6 56. Ke4 h5 57. Be2 h4 58. Bg4+ Kf6 59. Bh3 Ke7 60.
Bg4 Kd6 61. Bh3 Kc5 62. Bg4 Bxf4 63. Kxf4 Kd4 64. Bh3 Kd3 65. Kf3 Kc3 66. Ke3
Kb2 67. Kd2 Kxa2 68. Kc2 Ka1 1/2-1/2

[Event "London Classic Open 2019"]
[Site "London ENG"]
[Date "2019.12.03"]
[Round "6.43"]
[White "Marzano, Carlo"]
[Black "Penna, Tommaso"]
[Result "0-1"]
[WhiteElo "2128"]
[BlackElo "2007"]
[WhiteFideId "802980"]
[BlackFideId "847836"]
[EventDate "2019.11.29"]

1. d4 Nf6 2. Nf3 e6 3. c4 c5 4. d5 exd5 5. cxd5 d6 6. Nc3 g6 7. Bf4 a6 8. a4 Bg7
9. e3 Bg4 10. Be2 O-O 11. O-O Bxf3 12. Bxf3 Qe7 13. Qd2 Nbd7 14. a5 Rab8 15. Be2
Ne5 16. Rfb1 Nfd7 17. Na4 g5 18. Bg3 f5 19. Ra3 Ng6 20. f4 Rbe8 21. Bc4 Nf6 22.
Nxc5 gxf4 23. exf4 Ne4 24. Nxe4 Qxe4 25. Rc1 Qd4+ 26. Qxd4 Bxd4+ 27. Kf1 Bxb2
28. Rca1 Rc8 29. Be2 Bxa3 30. Rxa3 Rc1+ 31. Kf2 Rc2 32. Re3 Kf7 33. Kf3 Re8 34.
Bd3 Rxe3+ 35. Kxe3 Rc5 36. Kd4 Ne7 37. Be1 Rxd5+ 38. Ke3 Rc5 39. h3 Nd5+ 40. Kf3
Kf6 41. g4 fxg4+ 42. hxg4 h6 43. Bf2 Rxa5 44. Bd4+ Ke7 45. g5 hxg5 46. fxg5 Nb4
47. Bf6+ Kf7 48. Kg4 Nxd3 0-1

[Event "London Classic Open 2019"]
[Site "London ENG"]
[Date "2019.12.03"]
[Round "6.44"]
[White "Willmoth, Robert F"]
[Black "Nelson, Omowale"]
[Result "1-0"]
[WhiteTitle "CM"]
[WhiteElo "2108"]
[BlackElo "1924"]
[WhiteFideId "402540"]
[BlackFideId "7400209"]
[EventDate "2019.11.29"]

1. d4 d5 2. Nf3 Nf6 3. Bg5 Bf5 4. Bxf6 exf6 5. c4 Bb4+ 6. Nc3 O-O 7. e3 c6 8.
Qb3 Qa5 9. cxd5 cxd5 10. Be2 Nc6 11. O-O Be6 12. Rfd1 Rfd8 13. Rac1 Rd7 14. Ne1
a6 15. Nd3 Rc7 16. Na4 Rac8 17. Rxc6 Rxc6 18. Qxb4 Qxb4 19. Nxb4 Rd6 20. Nc3 a5
21. Nd3 Rb6 22. Rd2 g5 23. g3 Kf8 24. f3 Ke7 25. e4 Kd6 26. Nc5 Rb8 27. Bb5 Rd8
28. Ba4 Ke7 29. exd5 Bxd5 30. Nxd5+ Rxd5 31. Bb3 Rd8 32. d5 f5 33. Kf2 Kd6 34.
Nd3 Re8 35. f4 f6 36. Bc4 Re4 37. b3 a4 38. Nb2 axb3 39. axb3 Rb4 40. Nd3 Rb6
41. Kf3 g4+ 42. Kf2 Re8 43. Ne1 Kc5 44. Nc2 Rd6 45. Nd4 Rdd8 46. Nb5 Re4 47. Ra2
Rxc4 48. bxc4 Kxc4 49. Nc7 Rd7 50. Rc2+ Kd3 51. Rc1 Ke4 52. Ke2 b5 53. Nxb5 Kxd5
54. Rd1+ Ke6 55. Rxd7 Kxd7 56. Kd3 1-0

[Event "London Classic Open 2019"]
[Site "London ENG"]
[Date "2019.12.03"]
[Round "6.47"]
[White "Varsha Ramesh"]
[Black "Orgler, Philipp"]
[Result "1/2-1/2"]
[WhiteElo "1669"]
[BlackElo "2047"]
[WhiteFideId "45010900"]
[BlackFideId "1604236"]
[EventDate "2019.11.29"]

1. e4 e6 2. d4 d5 3. Nd2 Nf6 4. e5 Nfd7 5. Bd3 c5 6. c3 Nc6 7. Ngf3 f6 8. O-O
fxe5 9. Nxe5 Ndxe5 10. dxe5 g6 11. Nf3 Bd7 12. Qc2 Kf7 13. h4 c4 14. Be2 h6 15.
h5 Rg8 16. Qd2 Be8 17. Qf4+ Ke7 18. hxg6 Kd7 19. Rd1 Bxg6 20. Bxc4 Kc7 21. Bd3
Qe7 22. Bxg6 Rxg6 23. Nh4 Rg5 24. Qf3 Rg8 25. Qh5 Qg7 26. Bf4 Qg4 27. Qxg4 Rxg4
28. Bg3 Bc5 29. Kh2 Rag8 30. Rd3 Be7 31. Kh3 h5 32. Rad1 a5 1/2-1/2

[Event "London Classic Open 2019"]
[Site "London ENG"]
[Date "2019.12.03"]
[Round "6.52"]
[White "Kuzhelev, Timur"]
[Black "Coote, Trevor D"]
[Result "1/2-1/2"]
[WhiteElo "1716"]
[BlackElo "2075"]
[WhiteFideId "44101791"]
[BlackFideId "410039"]
[EventDate "2019.11.29"]

1. e4 e6 2. d4 d5 3. exd5 exd5 4. c4 Nf6 5. Nc3 Be7 6. Nf3 O-O 7. Be2 Nc6 8. O-O
Bg4 9. cxd5 Nxd5 10. h3 Be6 11. Bd3 Bf6 12. Be3 g6 13. Ne4 Bg7 14. Nc5 Qc8 15.
Re1 Re8 16. Bb5 a6 17. Bxc6 bxc6 18. Ne5 Bxe5 19. dxe5 Rb8 20. b3 Rb4 21. Qf3
Rh4 22. Bg5 Rh5 23. Nxe6 Qxe6 24. h4 Qf5 25. Qxf5 gxf5 26. g3 Re6 27. f3 Rg6 28.
g4 fxg4 29. fxg4 Rxh4 30. Bxh4 Rxg4+ 31. Kf2 Rxh4 32. e6 fxe6 33. Rxe6 Rh2+ 34.
Kg3 Rc2 35. Rf1 a5 36. a4 Kg7 37. Rf3 Rc1 38. Kh3 Rh1+ 39. Kg2 Rc1 40. Rg3+ Kf7
41. Rh6 Rc2+ 42. Kf1 Ke7 43. Rg7+ Kd8 44. Rhxh7 Kc8 45. Rg8+ Kb7 46. Rhh8 Nb6
47. Rh3 c5 48. Rg5 Kc6 49. Ke1 c4 50. Rh6+ Kb7 51. b4 axb4 52. a5 b3 1/2-1/2

[Event "London Classic Open 2019"]
[Site "London ENG"]
[Date "2019.12.03"]
[Round "6.55"]
[White "Chilton, James I"]
[Black "Ho, Conrad"]
[Result "0-1"]
[WhiteElo "1711"]
[BlackElo "2046"]
[WhiteFideId "423009"]
[BlackFideId "2606852"]
[EventDate "2019.11.29"]

1. e4 d6 2. d4 Nf6 3. Nc3 e5 4. dxe5 dxe5 5. Qxd8+ Kxd8 6. Bg5 Be6 7. O-O-O+ Nd7
8. Nf3 Kc8 9. Bb5 c6 10. Be2 Bb4 11. Bxf6 gxf6 12. a3 Bxc3 13. bxc3 Nc5 14. Bd3
Kc7 15. Rd2 Rad8 16. Rhd1 Rd7 17. Nh4 Rhd8 18. Nf5 Na4 19. c4 Nc3 20. Re1 Nxe4
21. Rde2 Nc3 22. Re3 e4 23. Bf1 Rd1+ 24. Kb2 Na4+ 25. Kb3 Nc5+ 26. Kb4 Na6+ 0-1

[Event "London Classic Open 2019"]
[Site "London ENG"]
[Date "2019.12.03"]
[Round "6.58"]
[White "Karamazondo, Ernest"]
[Black "AuYeung, Chi Hung Jonathan"]
[Result "0-1"]
[WhiteElo "1972"]
[BlackElo "1770"]
[WhiteFideId "447340"]
[BlackFideId "5818044"]
[EventDate "2019.11.29"]

1. e4 c5 2. Nf3 d6 3. d4 cxd4 4. c3 dxc3 5. Nxc3 Nc6 6. Bc4 a6 7. O-O Nf6 8. h3
e6 9. a4 Be7 10. Qe2 O-O 11. Rd1 Qc7 12. Bf4 Ne5 13. Ba2 Bd7 14. Rac1 Qb8 15. b4
b5 16. axb5 Bxb5 17. Nxb5 Qxb5 18. Qd2 Nxe4 19. Qe3 Nxf3+ 20. gxf3 Ng5 21. Kg2
Qf5 22. Rh1 e5 23. Bg3 Ne6 24. Bb1 Qh5 25. Rc4 Bg5 26. Qe4 Nf4+ 27. Bxf4 Bxf4
28. Rd1 Rad8 29. Rd5 f5 30. Qe1 Qg5+ 31. Kh1 Rf6 32. Qf1 Qh5 33. Rc3 Rh6 34. Ba2
Kf8 35. Ra5 Bd2 36. Rd3 Qg5 37. Qg2 Qf4 38. Rxa6 0-1

[Event "London Classic Open 2019"]
[Site "London ENG"]
[Date "2019.12.03"]
[Round "6.59"]
[White "Pellicoro, Nathalie"]
[Black "Thatte, Nishchal"]
[Result "1/2-1/2"]
[WhiteElo "1967"]
[BlackElo "1711"]
[WhiteFideId "1332350"]
[BlackFideId "447234"]
[EventDate "2019.11.29"]

1. e4 e6 2. d4 d5 3. Nd2 c5 4. exd5 Qxd5 5. Ngf3 cxd4 6. Bc4 Qd7 7. O-O Nc6 8.
Nb3 Nf6 9. Nbxd4 Nxd4 10. Nxd4 a6 11. Re1 b5 12. Bb3 Bc5 13. c3 Bb7 14. Bf4 Bxd4
15. cxd4 Bd5 16. Be5 Rc8 17. Bxf6 gxf6 18. Qh5 Rd8 19. Rac1 Bxb3 20. axb3 Qd5
21. Qxd5 Rxd5 22. Rc8+ Rd8 23. Rec1 Kd7 24. R1c7+ Kd6 25. Rxd8+ Rxd8 26. Rxf7 e5
27. Rxf6+ Ke7 28. Rxa6 Rxd4 29. Kf1 Kf7 30. Ke2 Rb4 31. Ra3 Kf6 32. Kd3 Kg5 33.
Ra7 h6 34. Kc3 Re4 35. Rd7 Re2 36. Rd2 Re4 37. Kd3 Rb4 38. Kc2 Re4 39. f3 Re3
40. b4 Kf4 41. Rf2 Re1 42. Kd2 Rb1 43. g3+ Kf5 44. Ke3 Re1+ 45. Re2 Rc1 46. Rd2
Rc4 47. b3 Rxb4 48. Rd3 e4 49. Rc3 exf3 50. Kxf3 Rd4 51. Rc5+ Kf6 52. Rxb5 Rd2
53. h3 Rd3+ 54. Kg4 Rd4+ 55. Kh5 Rd3 56. Kh4 Rd4+ 57. g4 Rd3 58. b4 Rb3 59. Rb8
Kg7 60. b5 Kg6 61. b6 Kh7 62. b7 Kg7 63. g5 Rb4+ 64. Kh5 Rb5 65. h4 Kh7 66. Kg4
hxg5 67. hxg5 Kg7 68. g6 Rb4+ 69. Kf5 Rb5+ 70. Ke6 Rb6+ 71. Kd5 Rb1 72. Kc6 Rc1+
73. Kd7 Rd1+ 74. Ke6 Re1+ 75. Kd7 Rd1+ 1/2-1/2

[Event "London Classic Open 2019"]
[Site "London ENG"]
[Date "2019.12.03"]
[Round "6.60"]
[White "Tombolis, Christopher"]
[Black "Vaddadi, Seshagiri"]
[Result "1/2-1/2"]
[WhiteElo "1824"]
[BlackElo "2042"]
[WhiteFideId "433691"]
[BlackFideId "411183"]
[EventDate "2019.11.29"]

1. d4 d5 2. c4 e6 3. Nc3 Nf6 4. Nf3 c6 5. e3 Nbd7 6. Bd2 Bd6 7. Rc1 O-O 8. Bd3
dxc4 9. Bxc4 b5 10. Bd3 Bb7 11. Ne4 Be7 12. Nxf6+ Bxf6 13. Qc2 h6 14. Be4 Rc8
15. h4 e5 16. g4 exd4 17. g5 d3 18. Qxd3 Qe7 19. gxf6 Nxf6 20. Bf5 Rcd8 21. Qc3
c5 22. Rh3 g6 23. Bb1 b4 24. Qxc5 Qd7 25. Rg3 Bxf3 26. Qxb4 Bh5 27. Rc4 Rc8 28.
Rd4 Qc6 29. e4 Rb8 30. Qc3 Qb5 31. Bd3 Qxb2 32. Qxb2 Rxb2 33. Bxh6 Rc8 34. Bc4
Ng4 35. Bf4 Nh2 36. Rxg6+ Bxg6 37. Bxh2 Rb1+ 38. Kd2 Rb2+ 39. Ke3 Rc2 40. Bd3
Rxa2 41. Be5 1/2-1/2

[Event "London Classic Open 2019"]
[Site "London ENG"]
[Date "2019.12.03"]
[Round "6.61"]
[White "Chakanyuka, Charles"]
[Black "Drastik, Penelope"]
[Result "1-0"]
[WhiteElo "2036"]
[BlackElo "1759"]
[WhiteFideId "11000341"]
[BlackFideId "3214850"]
[EventDate "2019.11.29"]

1. c4 e6 2. Nf3 d5 3. cxd5 exd5 4. g3 Nf6 5. Bg2 Be7 6. O-O O-O 7. d3 c5 8. Nc3
Nc6 9. e3 Bg4 10. h3 Be6 11. Ng5 Rb8 12. Nxe6 fxe6 13. b3 b5 14. Bb2 Na5 15. Ne2
Nd7 16. Nf4 Qb6 17. Qg4 Bf6 18. Bxf6 Rxf6 19. Nxd5 exd5 20. Qxd7 Rd8 21. Qg4 Nc6
22. Rac1 Nb4 23. Qe2 a5 24. a3 Nc6 25. Qc2 Ne5 26. f4 1-0

[Event "London Classic Open 2019"]
[Site "London ENG"]
[Date "2019.12.03"]
[Round "6.62"]
[White "Barasi, Paul Dl"]
[Black "Millward, Kevin P"]
[Result "0-1"]
[WhiteElo "1770"]
[BlackElo "1967"]
[WhiteFideId "432830"]
[BlackFideId "404721"]
[EventDate "2019.11.29"]

1. a3 Nf6 2. c4 d6 3. Nc3 e5 4. g3 g6 5. Bg2 Bg7 6. e3 O-O 7. Nge2 Nc6 8. b4 Be6
9. Nd5 Qd7 10. Bb2 Nd8 11. d3 c6 12. Nxf6+ Bxf6 13. Qc2 d5 14. f4 dxc4 15. dxc4
Bg7 16. Rd1 Qc7 17. O-O Bf5 18. Qc3 Ne6 19. fxe5 Bg4 20. Rde1 Bxe2 21. Rxe2 Rae8
22. Qb3 Bxe5 23. c5 Ng5 24. e4 Re7 25. Qe3 Bxb2 26. Rxb2 Qe5 27. h4 Nxe4 28. Re2
Rfe8 29. Rfe1 Nxg3 30. Qxg3 Qxg3 31. Rxe7 Qxe1+ 32. Rxe1 Rxe1+ 33. Kf2 Ra1 34.
b5 Ra2+ 35. Kg1 Rxg2+ 36. Kxg2 cxb5 0-1

[Event "London Classic Open 2019"]
[Site "London ENG"]
[Date "2019.12.03"]
[Round "6.63"]
[White "Voiculescu-Holvad, Stefan"]
[Black "Jukes, Sam"]
[Result "0-1"]
[WhiteElo "1614"]
[BlackElo "1899"]
[WhiteFideId "20692005"]
[BlackFideId "1803182"]
[EventDate "2019.11.29"]

1. d4 Nf6 2. c4 e6 3. g3 d5 4. Bg2 Be7 5. Nf3 O-O 6. O-O Nbd7 7. Qc2 c6 8. Nbd2
b6 9. e4 Bb7 10. e5 Ne8 11. cxd5 cxd5 12. Re1 Rc8 13. Qd3 Nc7 14. Nf1 Ba6 15.
Qd1 Bxf1 16. Bxf1 Re8 17. h4 Nf8 18. Bd3 f5 19. exf6 Bxf6 20. Ne5 Bxe5 21. Rxe5
Qd7 22. Qg4 Re7 23. a4 Ne8 24. h5 Nd6 25. Bg5 Rf7 26. Re2 Nc4 27. Rc2 Nd6 28.
Rxc8 Qxc8 29. Bf4 Ne8 30. Rc1 Qd8 31. Qxe6 0-1

[Event "London Classic Open 2019"]
[Site "London ENG"]
[Date "2019.12.03"]
[Round "6.64"]
[White "Finn, Peter"]
[Black "Volovich, Julia"]
[Result "1-0"]
[WhiteElo "1895"]
[BlackElo "1753"]
[WhiteFideId "432156"]
[BlackFideId "447099"]
[EventDate "2019.11.29"]

1. e4 e6 2. d4 d5 3. e5 c5 4. c3 Nc6 5. Nf3 Qb6 6. a3 cxd4 7. cxd4 Nge7 8. Bd3
Bd7 9. Be3 Qxb2 10. Nbd2 Qb6 11. O-O Nf5 12. g4 Nxe3 13. fxe3 f5 14. gxf5 exf5
15. Rb1 Qc7 16. Ng5 Qd8 17. h4 Be7 18. e6 Bc8 19. Bxf5 Bf6 20. Qh5+ g6 21. Bxg6+
Ke7 22. Rxf6 Kxf6 23. Rf1+ Ke7 24. Rf7+ Kd6 25. Nc4+ dxc4 26. Ne4+ Kxe6 27. Qf5# 1-0

[Event "London Classic Open 2019"]
[Site "London ENG"]
[Date "2019.12.03"]
[Round "6.65"]
[White "Lohia, Sohum"]
[Black "Bansal, Saahil"]
[Result "1-0"]
[WhiteElo "1889"]
[BlackElo "1751"]
[WhiteFideId "5819369"]
[BlackFideId "438316"]
[EventDate "2019.11.29"]

1. b3 e6 2. Bb2 Nf6 3. e3 Be7 4. f4 b6 5. Nf3 Bb7 6. Be2 O-O 7. O-O d5 8. Ne5 c5
9. d3 Nc6 10. Nxc6 Bxc6 11. Nd2 Qc7 12. Qe1 Nd7 13. Nf3 f6 14. Qg3 Bd6 15. Nh4
Rf7 16. Bg4 Nf8 17. Rae1 Qe7 18. e4 g5 19. e5 fxe5 20. fxg5 Rxf1+ 21. Rxf1 Qxg5
22. Bc1 Qg7 23. Bh6 e4 24. Qxd6 Qxh6 25. Qxc6 exd3 26. Qxa8 dxc2 27. Bxe6+ Kh8
28. Rxf8+ Kg7 29. Rf7# 1-0

[Event "London Classic Open 2019"]
[Site "London ENG"]
[Date "2019.12.03"]
[Round "6.66"]
[White "Lovell, William Pm"]
[Black "John, Joshua"]
[Result "0-1"]
[WhiteElo "1843"]
[BlackElo "1680"]
[WhiteFideId "431060"]
[BlackFideId "449750"]
[EventDate "2019.11.29"]

1. c4 Nf6 2. g3 e6 3. Nf3 d5 4. b3 Bd6 5. Bb2 Nbd7 6. Bg2 O-O 7. d4 c6 8. O-O
Ne4 9. Nfd2 f5 10. e3 g5 11. Nxe4 dxe4 12. f3 exf3 13. Qxf3 g4 14. Qd1 h5 15.
Qe1 Nf6 16. Nd2 h4 17. e4 Nh5 18. e5 Be7 19. Rd1 f4 20. Qe4 Rf5 21. gxf4 h3 22.
Qe2 hxg2 23. Qxg4+ Kh7 24. Rf3 Qe8 25. Ne4 Qg6 26. Qxg6+ Kxg6 27. Kxg2 Rxf4 28.
Rxf4 Nxf4+ 29. Kf3 Nh5 30. Rg1+ Kf7 31. Bc1 Ng7 32. Bh6 Nf5 33. Be3 Bd7 34. Ng5+
Bxg5 35. Rxg5 Rh8 36. Bg1 Ke7 37. b4 Be8 38. d5 cxd5 39. cxd5 Nh4+ 40. Kg4 exd5
41. Bxa7 Bd7+ 42. Kg3 Nf5+ 43. Kg2 Ke6 44. Bb6 Kxe5 45. Kg1 Kf4 46. Rg6 d4 47.
Rf6 Ke5 48. Rg6 Rh6 49. Rxh6 Nxh6 50. Kg2 Ke4 51. Kf1 Nf5 52. Ke2 Bb5+ 53. Kd2
Nh4 54. Bc7 Nf3+ 55. Kd1 Ba4+ 56. Kc1 d3 0-1